Normal view
MARC view
Entry Personal Name
001 - CONTROL NUMBER
- control field: 53675
003 - CONTROL NUMBER IDENTIFIER
- control field: dpl
005 - DATE AND TIME OF LATEST TRANSACTION
- control field: 20121121103407.0
008 - FIXED-LENGTH DATA ELEMENTS
- fixed length control field: 121121|||a|||||| | ||| d
040 ## - CATALOGING SOURCE
- Original cataloging agency: dpl
- Transcribing agency: dpl
100 ## - HEADING--PERSONAL NAME
- Personal name: Chandra,Prasanna
670 ## - SOURCE DATA FOUND
- Source citation: Work cat.: (dpl)31403: Chandra,Prasanna, Investment Analysis and Portfolio Management, 2009
670 ## - SOURCE DATA FOUND
- Source citation: Work cat.: (dpl)31403: Chandra,Prasanna, Investment Analysis and Portfolio Management, 2009
